00596 a2200157 4500245002600000700001900026700002200045650001500067005001700082260003800099084002000137300013800157500008900295490003900384999001500423 aThree comedieshprint aGoldoni, Carlo aAlfieri, Vittorio aliterature20191017172347.0 anyubThe National alumnic[c1907] aPQ4695 .E5 1907 axi, 372 p. col. front. (port.) 3 pl. 24 cm.bxi, 372 p. col. front. (port.) 3 pl. 24 cm.cxi, 372 p. col. front. (port.) 3 pl. 24 cm. aby Carlo Goldoni. Three tragedies, by Vittorio Alfieri; translated by Charles Lloyd. aThe literature of Italy, 1265-1907 c8783d8783